MANGENOT, Michel; POLET, Robert, Dialogue social européen et fonction publique. Une européanisation sans les Etats? Maastricht (Pays-Bas); Bucarest (Roumanie) : Institut Européen d’Administration Publique; 2004. 157 p. ISBN:90-6779-194-6 (notice n° 1607314)
[ vue normale ]
| 000 -LEADER | |
|---|---|
| fixed length control field | 00688cam a2200133 4500500 |
| 005 - DATE AND TIME OF LATEST TRANSACTION | |
| control field | 20251228133622.0 |
| 041 ## - LANGUAGE CODE | |
| Language code of text/sound track or separate title | fre |
| 042 ## - AUTHENTICATION CODE | |
| Authentication code | dc |
| 245 00 - TITLE STATEMENT | |
| Title | MANGENOT, Michel; POLET, Robert, Dialogue social européen et fonction publique. Une européanisation sans les Etats? Maastricht (Pays-Bas); Bucarest (Roumanie) : Institut Européen d’Administration Publique; 2004. 157 p. ISBN:90-6779-194-6 |
| 260 ## - PUBLICATION, DISTRIBUTION, ETC. | |
| Date of publication, distribution, etc. | 2005.<br/> |
| 500 ## - GENERAL NOTE | |
| General note | 4 |
| 786 0# - DATA SOURCE ENTRY | |
| Note | Revue Internationale des Sciences Administratives | 71 | 3 | 2005-09-01 | p. 567m-571m | 0303-965X |
| 856 41 - ELECTRONIC LOCATION AND ACCESS | |
| Uniform Resource Identifier | <a href="https://droit.cairn.info/revue-internationale-des-sciences-administratives-2005-3-page-567m?lang=fr&redirect-ssocas=7080">https://droit.cairn.info/revue-internationale-des-sciences-administratives-2005-3-page-567m?lang=fr&redirect-ssocas=7080</a> |
Pas d'exemplaire disponible.




Réseaux sociaux